000
00269nam a22001097a 4500
008
230704b xxu||||| |||| 00| 0 eng d
082
_a
342.07
_b
ECK
245
_a
Kanuni za Utendakazi za Uchaguzi
260
_b
Tume ya Uchaguzi ya Kenya
300
_a
16p
942
_2
ddc
_c
BK
999
_c
3659
_d
3659